| 000 | 00815nam a22001817a 4500 | ||
|---|---|---|---|
| 999 |
_c1441 _d1441 |
||
| 001 | 10754 | ||
| 003 | BD-DhUAP | ||
| 005 | 20200206150611.0 | ||
| 008 | 200206s2008 bg ||||| |||| 00| 0 ben d | ||
| 040 |
_aBD-DhUAP _bBangla _cBD-DhUAP _dBD-DhUAP |
||
| 082 |
_223 _a340 PRO |
||
| 245 |
_aপ্রয়োজনীয় আইন ও সংশোধনীসমুহের নির্বাচিত সংকলন : _b(২০০০-২০০৮) / _cমাসুদুজ্জামান কর্তৃক সংকলিত। |
||
| 260 |
_aঢাকা : _bসামছ পাবলিকেশন্স, _cc২০০৮। |
||
| 300 |
_a(১২), ৭৪৬ পৃষ্ঠা ; _c২৩ সে.মি.। |
||
| 650 |
_aLaw _zBangladesh. |
||
| 700 | _aমাসুদুজ্জামান। | ||
| 942 |
_2ddc _cBK |
||